00479nam a22001457a 450000500170000000800410001702000180005804100090007608200150008510000250010024500850012526000290021030000190023965000750025820250325140814.0250325b |||||||| |||| 00| 0 eng d a9783111050591 aEng. a650.14 MOL aMoldoveanu, Mihnea C aSoft Skills: How to See Measure and Build the Skills that Make us Uniquely Human aBostonbDe Gruyterc2024 a220;. P. 23 cm aSoft Skills; Communication in Organizations; Human Resource Management